|
|
|
|
| LEADER |
01011nam a2200217 u 4500 |
| 001 |
10018815 |
| 003 |
upatras |
| 005 |
20210117205237.0 |
| 008 |
881025s1997 gr gre |
| 040 |
|
|
|a GR-PaULI
|c GR-PaULI
|
| 110 |
|
0 |
|a Πρότυπο Μουσικό Κέντρο Πειραιά
|9 142156
|
| 245 |
1 |
0 |
|a Αστρο της αυγής [ηχογράφηση]
|b Astro tis avgis (star of dawn)
|c διεύθυνση Γιώργος Χατζημιχελάκης
|
| 246 |
1 |
1 |
|a Astro tis avgis (star of dawn)
|
| 260 |
|
|
|a Αθήνα
|b Musica Viva
|c p1997
|
| 300 |
|
|
|a 1 compact disc
|b ADD
|c 4 3/4 in.
|e 1 φυλλάδιο
|
| 650 |
|
4 |
|a Δημοτική μουσική
|9 4135
|
| 700 |
1 |
|
|a Χατζημιχελάκης, Γιώργος
|9 142157
|
| 852 |
|
|
|a GR-PaULI
|b ΠΑΤΡΑ
|b ΒΚΠ
|b ΔΑΝ
|k CDMU
|h CDM XAT 1043
|m 38943
|t 1
|
| 942 |
|
|
|2 ddc
|c CDM
|
| 952 |
|
|
|0 0
|1 0
|4 0
|6 CDM_XAT_1043_000000000000000
|7 0
|9 172790
|a LISP
|b LISP
|c BSC
|d 2016-04-24
|i 38943
|l 0
|o CDM XAT 1043
|r 2016-04-24 00:00:00
|t 1
|w 2016-04-24
|y CDM
|
| 999 |
|
|
|c 108073
|d 108073
|